Obras de Santo Tomás de Villanueva: sermones de la Virgen y obras castellanas
Сохранить в:
| Формат: | |
|---|---|
| Язык: | испанский |
| Опубликовано: |
Madrid
Biblioteca de Autores Cristianos
1952
|
| Серии: | Biblioteca de Autores Cristianos
|
| Предметы: | |
| Метки: |
Добавить метку
Нет меток, Требуется 1-ая метка записи!
|
MARC
| LEADER | 00000nam a2200000 a 4500 | ||
|---|---|---|---|
| 001 | UCL3041 | ||
| 003 | CL-VaPUC | ||
| 008 | 031114e19520000SP |||||||||||||||||spa|d | ||
| 082 | 0 | 4 | |a 270.092 |b OBR |2 21 |
| 245 | 1 | 0 | |a Obras de Santo Tomás de Villanueva: sermones de la Virgen y obras castellanas |
| 300 | |a 665 p | ||
| 942 | |c BK | ||
| 945 | |d 20031114 00:00:00 |a vberengu | ||
| 260 | |a Madrid |b Biblioteca de Autores Cristianos |c 1952 | ||
| 600 | 0 | 7 | |a SANTO TOMAS DE VILLANUEVA |2 CL-VaPUC |9 480265 |
| 600 | 0 | |a Virgen María |9 314204 | |
| 650 | 0 | |a Vida y obra |9 311871 | |
| 650 | 0 | |a Biografías |9 255210 | |
| 650 | 7 | |a SERMONES |2 CL-VaPUC |9 317687 | |
| 583 | |a last modification |c 20150114 09:47:18 |k Rodrigo Vera | ||
| 490 | 0 | |a Biblioteca de Autores Cristianos | |
| 999 | |c 306176 |d 306174 | ||
| 952 | |0 0 |1 0 |4 0 |6 270_092000000000000_OBR_1952 |7 0 |8 A |9 370965 |a BIBTEO |b BIBTEO |d 2019-11-21 |i 2092115 |o 270.092 OBR 1952 |p 2092115 |r 2025-01-17 |w 2019-11-21 |y BK |k ICR | ||